000 00333nam a22001457a 4500
008 210311b ||||| |||| 00| 0 eng d
020 _a007052145X
041 _aeng
080 _a004
082 _a004
100 _a28
101 _aSHKI
245 _aMatrix Computations and Mathematical Software
_cRice, J. R
942 _2udc
_cBK
999 _c56426
_d56426